000 00496nam a2200169Ia 4500
008 110201s9999 xx 000 0 und d
082 _bB559
_aK 379
100 _aखरे शकुंतला
245 _aजीवन मरण
260 _bशशीदीप प्रकाशन
365 _b22
600 _aखरे शकुंतला
630 _aजीवन मरण
700 _aखरे शकुंतला
730 _aजीवन मरण
942 _cBOOK
999 _c828017
_d828014